000
00290nam a2200121Ia 4500
008
190722s9999 xx 000 0 und d
020
_a
13:978-93-392-0479-2
100
_a
John G. Proaks
245
0
_a
Digital Communication
260
_a
India
_b
McGraw Hill.
_c
2015
300
_a
1150
942
_c
BK
999
_c
28
_d
28